<?xml version="1.0" encoding="UTF-8"?>
<record
    xmlns:xsi="http://www.w3.org/2001/XMLSchema-instance"
    xsi:schemaLocation="http://www.loc.gov/MARC21/slim http://www.loc.gov/standards/marcxml/schema/MARC21slim.xsd"
    xmlns="http://www.loc.gov/MARC21/slim">

  <leader>01037cam a2200337 a 4500</leader>
  <datafield tag="999" ind1=" " ind2=" ">
    <subfield code="c">4100</subfield>
    <subfield code="d">4100</subfield>
  </datafield>
  <controlfield tag="001">6178861</controlfield>
  <controlfield tag="003">Nust</controlfield>
  <controlfield tag="005">20171117151856.0</controlfield>
  <controlfield tag="008">900425m19899999pk ac         000 0burdo </controlfield>
  <datafield tag="010" ind1=" " ind2=" ">
    <subfield code="a">   89932439 </subfield>
  </datafield>
  <datafield tag="020" ind1=" " ind2=" ">
    <subfield code="c">Rs125.00</subfield>
  </datafield>
  <datafield tag="035" ind1=" " ind2=" ">
    <subfield code="a">(OCoLC)ocm21520008</subfield>
  </datafield>
  <datafield tag="035" ind1=" " ind2=" ">
    <subfield code="a">(OCoLC)21520008</subfield>
  </datafield>
  <datafield tag="035" ind1=" " ind2=" ">
    <subfield code="a">(NNC)6178861</subfield>
  </datafield>
  <datafield tag="040" ind1=" " ind2=" ">
    <subfield code="a">DLC</subfield>
    <subfield code="c">DLC</subfield>
    <subfield code="d">OCL</subfield>
  </datafield>
  <datafield tag="043" ind1=" " ind2=" ">
    <subfield code="a">a-pk---</subfield>
  </datafield>
  <datafield tag="050" ind1="0" ind2="0">
    <subfield code="a">QC792.78.P18</subfield>
    <subfield code="b">Z34 1989</subfield>
  </datafield>
  <datafield tag="082" ind1=" " ind2=" ">
    <subfield code="a">355.821</subfield>
    <subfield code="b">MAL</subfield>
  </datafield>
  <datafield tag="100" ind1="0" ind2=" ">
    <subfield code="a">Zahid Malik,</subfield>
    <subfield code="d">1937-</subfield>
    <subfield code="9">6519</subfield>
  </datafield>
  <datafield tag="245" ind1="1" ind2="0">
    <subfield code="a">Doctor &#x2BB;Abdulqad&#x12B;r K&#x332;h&#x332;&#x101;n aur Isl&#x101;m&#x12B; bam /</subfield>
    <subfield code="c">Z&#x101;hid Malik.</subfield>
  </datafield>
  <datafield tag="260" ind1=" " ind2=" ">
    <subfield code="a">Isl&#x101;m&#x101;b&#x101;d :</subfield>
    <subfield code="b">Mat&#x324;b&#x16B;&#x2BB;&#x101;t-i &#x1E24;urmat,</subfield>
    <subfield code="c">1998</subfield>
  </datafield>
  <datafield tag="300" ind1=" " ind2=" ">
    <subfield code="a">296p.</subfield>
    <subfield code="b">ill., ports. (some col.) ;</subfield>
    <subfield code="c">23 cm.</subfield>
  </datafield>
  <datafield tag="500" ind1=" " ind2=" ">
    <subfield code="a">In Urdu.</subfield>
  </datafield>
  <datafield tag="600" ind1="1" ind2="0">
    <subfield code="a">Khan, A. Q.</subfield>
    <subfield code="q">(Abdul Qadeer),</subfield>
    <subfield code="d">1936-</subfield>
    <subfield code="9">6520</subfield>
  </datafield>
  <datafield tag="650" ind1=" " ind2="0">
    <subfield code="a">Nuclear energy</subfield>
    <subfield code="x">Research</subfield>
    <subfield code="z">Pakistan.</subfield>
    <subfield code="9">6521</subfield>
  </datafield>
  <datafield tag="650" ind1=" " ind2="0">
    <subfield code="a">Nuclear engineers</subfield>
    <subfield code="z">Pakistan</subfield>
    <subfield code="v">Biography.</subfield>
    <subfield code="9">6522</subfield>
  </datafield>
  <datafield tag="880" ind1=" " ind2=" ">
    <subfield code="6">100-01\(3\r</subfield>
    <subfield code="a">&#x632;&#x627;&#x6BE;&#x62F; &#x645;&#x644;&#x6A9;</subfield>
  </datafield>
  <datafield tag="880" ind1=" " ind2=" ">
    <subfield code="6">245-02\(3\r</subfield>
    <subfield code="a">&#x688;&#x627;&#x6A9;&#x679;&#x631; &#x639;&#x628;&#x62F; &#x627;&#x644;&#x642;&#x62F;&#x6CC;&#x631; &#x62E;&#x627;&#x646; &#x627;&#x648;&#x631; &#x627;&#x633;&#x644;&#x627;&#x645;&#x6CC; &#x628;&#x645;:</subfield>
    <subfield code="b">&#x63A;&#x648;&#x631;&#x6CC; &#x645;&#x6CC;&#x632;&#x627;&#x626;&#x644; &#x633;&#x6D2; &#x686;&#x627;&#x63A;&#x6CC; &#x62A;&#x6A9; </subfield>
    <subfield code="c">&#x632;&#x627;&#x6BE;&#x62F; &#x645;&#x644;&#x6A9;</subfield>
  </datafield>
  <datafield tag="880" ind1=" " ind2=" ">
    <subfield code="6">260-03\(3\r</subfield>
    <subfield code="a">&#x627;&#x633;&#x644;&#x627;&#x645; &#x622;&#x628;&#x627;&#x62F;:</subfield>
    <subfield code="b">&#x645;&#x637;&#x628;&#x648;&#x639;&#x627;&#x62A; &#x62D;&#x631;&#x645;&#x62A;&#x60C;</subfield>
    <subfield code="c">1998</subfield>
  </datafield>
  <datafield tag="942" ind1=" " ind2=" ">
    <subfield code="2">ddc</subfield>
    <subfield code="c">BK</subfield>
  </datafield>
  <datafield tag="948" ind1="1" ind2=" ">
    <subfield code="a">20070510</subfield>
    <subfield code="b">c</subfield>
    <subfield code="c">bb145</subfield>
    <subfield code="d">OSMC</subfield>
  </datafield>
  <datafield tag="952" ind1=" " ind2=" ">
    <subfield code="0">0</subfield>
    <subfield code="1">0</subfield>
    <subfield code="2">ddc</subfield>
    <subfield code="4">0</subfield>
    <subfield code="7">0</subfield>
    <subfield code="a">CL</subfield>
    <subfield code="b">CL</subfield>
    <subfield code="c">CART</subfield>
    <subfield code="d">2016-12-22</subfield>
    <subfield code="l">0</subfield>
    <subfield code="o">925 MAL</subfield>
    <subfield code="p">CL2542</subfield>
    <subfield code="r">2016-12-22</subfield>
    <subfield code="t">1</subfield>
    <subfield code="w">2016-12-22</subfield>
    <subfield code="y">BK</subfield>
  </datafield>
</record>
